[Event "ESP-ch Universities"]
[Site "Madrid"]
[Date "2008.05.09"]
[Round "6"]
[White "Hajmohamad, Ali Ehsan"]
[Black "Rodriguez Guerrero, Enrique"]
[Result "0-1"]
[WhiteElo "2227"]
[BlackElo "2457"]
[PlyCount "102"]
[EventDate "2008.05.08"]
[EventType "swiss"]
[EventRounds "9"]
[EventCountry "ESP"]
[SourceTitle "CBM 124 Extra"]
[Source "ChessBase"]
[SourceDate "2008.07.03"]
[SourceVersion "1"]
[SourceVersionDate "2008.07.03"]
[SourceQuality "1"]

1. e4 c5 2. Nf3 e6 3. d4 cxd4 4. Nxd4 Nc6 5. Nc3 Qc7 6. Be2 a6 7. 0-0 Nf6 8. Kh1 Be7 9. f4 d6 10. Be3 0-0 11. Bd3 Nxd4 12. Bxd4 e5 13. Be3 exf4 14. Bxf4 Be6 15. Nd5 Bxd5 16. exd5 Nd7 17. Qh5 g6 18. Qh6 Bf6 19. c3 Bg7 20. Qh4 Ne5 21. Bc2 Rae8 22. h3 Nc4 23. Qg3 Be5 24. Bb3 Nxb2 25. Bxe5 Rxe5 26. Rae1 Rfe8 27. Rxe5 Rxe5 28. Qh4 Nd3 29. Bc2 Nc5 30. c4 Qe7 31. Qg3 Re3 32. Qf4 Re1 33. Rxe1 Qxe1+ 34. Kh2 Qe5 35. Qxe5 dxe5 36. g4 f6 37. Kg3 Kf7 38. Kf3 b6 39. Ke3 Ke7 40. Kf3 Kd6 41. h4 Ke7 42. h5 Kf7 43. h6 Nb7 44. Bd3 a5 45. Bc2 Nd6 46. Bd3 f5 47. Kg3 Kf6 48. Kh4 e4 49. Be2 Ke5 50. gxf5 Nxf5+ 51. Kg5 Nd6 0-1

[Event "ESP-ch Universities"]
[Site "Madrid"]
[Date "2008.05.09"]
[Round "4"]
[White "Hajmohamad, Ali Ehsan"]
[Black "Valles Mata, David"]
[Result "1-0"]
[WhiteElo "2227"]
[BlackElo "2113"]
[PlyCount "79"]
[EventDate "2008.05.08"]
[EventType "swiss"]
[EventRounds "9"]
[EventCountry "ESP"]
[SourceTitle "CBM 124 Extra"]
[Source "ChessBase"]
[SourceDate "2008.07.03"]
[SourceVersion "1"]
[SourceVersionDate "2008.07.03"]
[SourceQuality "1"]

1. e4 e6 2. d4 d5 3. Nd2 c5 4. Ngf3 cxd4 5. exd5 Qxd5 6. Bc4 Qd6 7. 0-0 Nf6 8. Nb3 Nc6 9. Nbxd4 Nxd4 10. Nxd4 a6 11. c3 Be7 12. Qf3 0-0 13. Re1 Qc7 14. Bd3 Bd6 15. Qh3 Bf4 16. Qh4 Bxc1 17. Raxc1 Qa5 18. Qg3 Qxa2 19. Rc2 Qa5 20. Rce2 Bd7 21. Re5 Qb6 22. R1e2 Rac8 23. Rg5 g6 24. Qh4 Kg7 25. Nf3 Rc5 26. Ne5 Bb5 27. c4 Ba4 28. Rg3 Qa5 29. Rf3 Nh5 30. b4 Qxb4 31. Qe7 Be8 32. g4 Qa5 33. gxh5 Kg8 34. Qf6 Qa1+ 35. Kg2 Rxe5 36. Rxe5 Bc6 37. h6 Bxf3+ 38. Kxf3 Qd1+ 39. Re2 Qxd3+ 40. Kg2 1-0

[Event "ESP-ch Universities"]
[Site "Madrid"]
[Date "2008.05.08"]
[Round "3"]
[White "Alcaraz Pacheco, Ivan"]
[Black "Hajmohamad, Ali Ehsan"]
[Result "0-1"]
[WhiteElo "2011"]
[BlackElo "2227"]
[PlyCount "130"]
[EventDate "2008.05.08"]
[EventType "swiss"]
[EventRounds "9"]
[EventCountry "ESP"]
[SourceTitle "CBM 124 Extra"]
[Source "ChessBase"]
[SourceDate "2008.07.03"]
[SourceVersion "1"]
[SourceVersionDate "2008.07.03"]
[SourceQuality "1"]

1. e4 e5 2. Nc3 Nf6 3. f4 d5 4. fxe5 Nxe4 5. Qf3 Nxc3 6. bxc3 Be7 7. d4 0-0 8. Bd3 c5 9. Ne2 g6 10. Nf4 cxd4 11. cxd4 Bb4+ 12. Ke2 Nc6 13. Be3 Bc3 14. Nxd5 Bxd4 15. Nf6+ Kh8 16. Raf1 Bxe5 17. h4 Bxf6 18. Qxf6+ Qxf6 19. Rxf6 Kg7 20. Rhf1 Be6 21. a3 Rad8 22. R6f4 h5 23. Rb1 b6 24. Bb5 Ne7 25. Bd4+ Kg8 26. Bd3 Bf5 27. Bxf5 Nxf5 28. c3 Rfe8+ 29. Kd2 Rd5 30. g4 hxg4 31. Rxg4 Nxd4 32. cxd4 Kg7 33. Rbg1 Ra5 34. R1g3 Re6 35. Rc3 f5 36. Rf4 Kf6 37. Rg3 Re4 38. Rxe4 fxe4 39. Rc3 Rh5 40. Rc7 Rxh4 41. Rxa7 Rh3 42. Ra6 Kf5 43. Rxb6 Rxa3 44. Ke2 Rd3 45. Rd6 g5 46. Rd8 Kf4 47. Rf8+ Kg3 48. Rd8 g4 49. d5 Kf4 50. d6 Re3+ 51. Kd2 Rd3+ 52. Ke2 g3 53. d7 g2 54. Kf2 Rd2+ 55. Kg1 Ke3 56. Re8 Rxd7 57. Kxg2 Rf7 58. Kg3 Rg7+ 59. Kh2 Kf2 60. Rf8+ Ke2 61. Re8 e3 62. Re6 Kf2 63. Rf6+ Ke1 64. Re6 e2 65. Re8 Rd7 0-1